| 000 | 00447pab a2200169 454500 | ||
|---|---|---|---|
| 008 | 180718b2012 xxu||||| |||| 00| 0 eng d | ||
| 100 | _aGayer, Laurent | ||
| 245 | _aPolitical turmoil in Karachi: Production and reproduction of ordered disorder | ||
| 260 | _c2012 | ||
| 300 | _ap.76-84. | ||
| 362 | _a4 Aug | ||
| 650 | _aViolence - Pakistan | ||
| 650 | _aViolence | ||
| 773 | _aEconomic and Political Weekly | ||
| 908 | _aN | ||
| 909 | _a97356 | ||
| 999 |
_c97356 _d97356 |
||